English for effective communication / (Record no. 2691)

000 -LEADER
fixed length control field 00662nam a2200241Ia 4500
007 - PHYSICAL DESCRIPTION FIXED FIELD--GENERAL INFORMATION
fixed length control field ta
008 - FIXED-LENGTH DATA ELEMENTS--GENERAL INFORMATION
fixed length control field 230322t2016||||ii a ||gd|||||||1 ||eng||
020 ## - INTERNATIONAL STANDARD BOOK NUMBER
International Standard Book Number 9780198096313
Terms of availability Rs. 385.00
040 ## - CATALOGING SOURCE
Original cataloging agency IMU Kochi Library
Language of cataloging eng
041 0# - LANGUAGE CODE
Language code of text/sound track or separate title eng
044 ## - COUNTRY OF PUBLISHING/PRODUCING ENTITY CODE
MARC country code India
082 04 - DEWEY DECIMAL CLASSIFICATION NUMBER
Edition number 23
Classification number 808.5
Item number K9605
100 1# - MAIN ENTRY--PERSONAL NAME
Personal name Kumar, Sanjay
245 10 - TITLE STATEMENT
Title English for effective communication /
260 ## - PUBLICATION, DISTRIBUTION, ETC. (IMPRINT)
Place of publication, distribution, etc New Delhi:
Name of publisher, distributor, etc Oxford university press ,
Date of publication, distribution, etc 2016
300 ## - PHYSICAL DESCRIPTION
Extent x, 330 p :
Other physical details ill. ;
Dimensions 24 cm.
650 #0 - SUBJECT ADDED ENTRY--TOPICAL TERM
Topical term or geographic name as entry element English language
General subdivision Business English
650 #0 - SUBJECT ADDED ENTRY--TOPICAL TERM
Topical term or geographic name as entry element Commercial correspondence
700 ## - ADDED ENTRY--PERSONAL NAME
Personal name Lata, Pushp
Relator term Joint Author
852 ## - LOCATION/CALL NUMBER
Location IMU Kochi Library
904 ## - LOCAL DATA ELEMENT D, LDD (RLIN)
CATALOGER Akhil Bose
942 ## - ADDED ENTRY ELEMENTS (KOHA)
Item type Books
Holdings
Withdrawn status Lost status Source of classification or shelving scheme Damaged status Not for loan Collection code Permanent location Current location Shelving location Date acquired Source of acquisition Cost, normal purchase price Total Checkouts Full call number Barcode Date last seen Date last borrowed Koha item type Public note
          English IMU Kochi Library IMU Kochi Library General Stacks 2023-02-22 M/S T V Enterprises (Inv. No. 598/22-23 Dt. 2023-01-16) 385.00 1 808.5 K9605 BK006044 2023-09-12 2023-09-12 Books Gen. Shelf-46, Row-2
          English IMU Kochi Library IMU Kochi Library General Stacks 2023-02-22 M/S T V Enterprises (Inv. No. 598/22-23 Dt. 2023-01-16) 385.00   808.5 K9605 BK006045 2023-06-19   Books Gen. Shelf-46, Row-2


Copyright © All Rights Reserved by Indian Maritime University, Kochi Campus.
For any Suggestions/Query Contact to library or Email: library.kochi@imu.ac.in Ph:(0484)-2989402
(Web OPAC Designed by Rudra Ranjan. Maintained by IMU Kochi Library)

Powered by Koha